| 000 | 00703cam a2200241 4500 | ||
|---|---|---|---|
| 008 | 090401t1993 xxu||||| |||| 00| 0 eng d | ||
| 020 | _a0851255337 | ||
| 035 | _a(Sirsi) u31226 | ||
| 041 | 0 | _aeng | |
| 050 | 0 | 4 | _a692.21 $2 18 |
| 245 | 0 | 0 | _aAspects of fire precautions in buildings |
| 250 | _a3rd ed. | ||
| 260 |
_aGarston, Watford _bBuilding Research Establishment _c1993 |
||
| 300 |
_ax, 137p. _bill. _c25cm. |
||
| 350 | _a15 | ||
| 490 | 0 |
_aBRE Building Renewal _v(225) |
|
| 651 | 4 |
_aEngland and Wales _y1543- |
|
| 690 | _aBUILT ENVIRONMENT-BUILDING STANDARDS-FIRE REGULATIONS | ||
| 700 | 1 | _aMorris, W. A. | |
| 710 | 2 | _aBuilding Research Establishment | |
| 942 | _n0 | ||
| 948 | _c04/03/1997 | ||
| 999 |
_c89568 _d89568 |
||